<?xml version="1.0" encoding="UTF-8"?>
<record
    xmlns:xsi="http://www.w3.org/2001/XMLSchema-instance"
    xsi:schemaLocation="http://www.loc.gov/MARC21/slim http://www.loc.gov/standards/marcxml/schema/MARC21slim.xsd"
    xmlns="http://www.loc.gov/MARC21/slim">

  <leader>01865cam a22003011  4500</leader>
  <controlfield tag="001">e  54000009 </controlfield>
  <controlfield tag="003">DLC</controlfield>
  <controlfield tag="005">20260227111235.0</controlfield>
  <controlfield tag="008">821027s1954    dcu          f000 0 eng c</controlfield>
  <datafield tag="010" ind1=" " ind2=" ">
    <subfield code="a">e  54000009 </subfield>
  </datafield>
  <datafield tag="035" ind1=" " ind2=" ">
    <subfield code="a">(OCoLC)8896707</subfield>
  </datafield>
  <datafield tag="040" ind1=" " ind2=" ">
    <subfield code="a">U.S. Office of Education. Library</subfield>
    <subfield code="c">OU</subfield>
    <subfield code="d">OCoLC</subfield>
    <subfield code="d">DLC</subfield>
  </datafield>
  <datafield tag="042" ind1=" " ind2=" ">
    <subfield code="a">premarc</subfield>
  </datafield>
  <datafield tag="050" ind1="0" ind2="0">
    <subfield code="a">LC1045</subfield>
    <subfield code="b">.A25 no. 254</subfield>
  </datafield>
  <datafield tag="082" ind1=" " ind2=" ">
    <subfield code="a">630.712</subfield>
  </datafield>
  <datafield tag="100" ind1="1" ind2=" ">
    <subfield code="a">Johnson, Elmer John,</subfield>
    <subfield code="d">1896-</subfield>
  </datafield>
  <datafield tag="245" ind1="1" ind2="0">
    <subfield code="a">Guiding high-school students of vocational agriculture in developing farming programs;</subfield>
    <subfield code="b">procedures for guiding students in planning and developing farming programs leading to satisfactory establishment in farming,</subfield>
    <subfield code="c">by E. J. Johnson [and] W. N. Elam.</subfield>
  </datafield>
  <datafield tag="260" ind1=" " ind2=" ">
    <subfield code="a">[Washington]</subfield>
    <subfield code="b">U.S. Dept. of Health, Education, and Welfare, Office of Education</subfield>
    <subfield code="c">[1954]</subfield>
  </datafield>
  <datafield tag="300" ind1=" " ind2=" ">
    <subfield code="a">vi, 82 p.</subfield>
    <subfield code="b">illus.</subfield>
    <subfield code="c">23 cm.</subfield>
  </datafield>
  <datafield tag="490" ind1="1" ind2=" ">
    <subfield code="a">[U. S. Office of Education] Vocational Division. Bulletin</subfield>
    <subfield code="v">no. 254. Agriculture series, no. 65</subfield>
  </datafield>
  <datafield tag="500" ind1=" " ind2=" ">
    <subfield code="a">"Replaces Vocational Division bulletin no. 225, Directing vocational agriculture day-school students in developing their farming programs [by W. A. Ross, D. M. Clements, and E. J. Johnson]"</subfield>
  </datafield>
  <datafield tag="501" ind1=" " ind2=" ">
    <subfield code="a">With : The operation of a local program of trade and industrial education / William Penn Loomis. Washington : U. S. Department of Health, Education, and Welfare. Office of Education, 1953. Bound together subsequent to publication.</subfield>
    <subfield code="5">DLC</subfield>
  </datafield>
  <datafield tag="650" ind1=" " ind2="0">
    <subfield code="a">Agricultural education</subfield>
    <subfield code="z">United States.</subfield>
  </datafield>
  <datafield tag="700" ind1="1" ind2=" ">
    <subfield code="a">Elam, William Nile,</subfield>
    <subfield code="d">1890-</subfield>
    <subfield code="e">joint author.</subfield>
  </datafield>
  <datafield tag="700" ind1="1" ind2=" ">
    <subfield code="a">Ross, William Arthur,</subfield>
    <subfield code="d">1896-</subfield>
    <subfield code="t">Directing vocational agriculture day-school students in developing their farm programs.</subfield>
  </datafield>
  <datafield tag="810" ind1="1" ind2=" ">
    <subfield code="a">United States.</subfield>
    <subfield code="b">Office of Education.</subfield>
    <subfield code="b">Vocational division.</subfield>
    <subfield code="t">Bulletin ;</subfield>
    <subfield code="v">no. 254.</subfield>
  </datafield>
  <datafield tag="810" ind1="1" ind2=" ">
    <subfield code="a">United States.</subfield>
    <subfield code="b">Office of Education.</subfield>
    <subfield code="b">Vocational division.</subfield>
    <subfield code="t">Agricultural series ;</subfield>
    <subfield code="v">no. 65.</subfield>
  </datafield>
  <datafield tag="999" ind1=" " ind2=" ">
    <subfield code="c">22212</subfield>
    <subfield code="d">22212</subfield>
  </datafield>
</record>
